[Event "Paris-ch op-B"]
[Site "Paris"]
[Date "2009.07.04"]
[Round "1"]
[White "Mayeur, Julien"]
[Black "Plantive, Bertrand"]
[Result "0-1"]
[WhiteElo "1640"]
[BlackElo "1846"]
[PlyCount "72"]
[EventDate "2009.07.04"]
[EventType "swiss"]
[EventRounds "9"]
[EventCountry "FRA"]
[SourceTitle "EXT 2010"]
[Source "ChessBase"]
[SourceDate "2010.11.25"]
[SourceVersion "1"]
[SourceVersionDate "2010.11.25"]
[SourceQuality "1"]

1. e4 c5 2. Nc3 a6 3. Nf3 Nc6 4. d4 cxd4 5. Nxd4 e6 6. Nxc6 bxc6 7. Be2 d5 8. exd5 exd5 9. Bg4 Be7 10. 0-0 Nf6 11. Bxc8 Rxc8 12. Qe2 0-0 13. Re1 Bb4 14. Bg5 Bxc3 15. bxc3 h6 16. Bxf6 Qxf6 17. Qxa6 Qxc3 18. Qd3 Qc5 19. a4 Ra8 20. c3 Ra5 21. Ra2 Rfa8 22. Qc2 Qc4 23. Rea1 Rb8 24. Ra3 d4 25. Qd2 d3 26. h3 Rd8 27. g3 Re5 28. Rd1 Qe6 29. c4 Re2 30. Qb4 d2 31. Raa1 Qf6 32. Rf1 d1Q 33. Raxd1 Rxd1 34. Qc5 Rxf1+ 35. Kxf1 Ra2 36. Qa7 Qe6 0-1